| 000 | 00837nam a22002537a 4500 | ||
|---|---|---|---|
| 005 | 20141222140855.0 | ||
| 008 | 141222t2013 ii adk fr 001 0 eng d | ||
| 020 | _a9781259062704 | ||
| 020 | _a1259062708 | ||
| 040 | _aEG-ScBUE | ||
| 082 | 0 | 0 |
_222 _a621.56 _bANA |
| 100 | 1 |
_aAnanthanarayanan, P. N. _937016 |
|
| 245 | 1 | 0 |
_aBasic refrigeration and air conditioning / _cP. N. Ananthanarayanan. |
| 250 | _a4th ed. | ||
| 260 |
_aNew Delhi : _bMcGraw-Hill Education (India) Private Limited, _cc.2013. |
||
| 300 |
_axxvi, 738 p. : _bcharts, forms, tables ; _c23 cm. |
||
| 500 | _aIncludes appendixes. | ||
| 500 | _aIndex : p. 722-738. | ||
| 650 | 0 |
_95821 _aRefrigeration and refrigerating machinery |
|
| 650 | 0 |
_95822 _aAir conditioning |
|
| 653 |
_bENGMEC _cDecember2014 |
||
| 655 |
_vreading book _934232 |
||
| 942 |
_2ddc _k621.56 ANA |
||
| 999 |
_c18812 _d18784 |
||